| 000 | 00908cas a2200301 a 4500 | ||
|---|---|---|---|
| 001 | BD-DhSAU 7017 | ||
| 003 | BD-DhSAU | ||
| 005 | 20150516162755.0 | ||
| 008 | 750720d1961 nyuuu m r 0 a0eng c | ||
| 040 | _aBD-DhSAU | ||
| 082 | 4 |
_a632.95 _222 _bADV |
|
| 245 | 0 | 0 |
_aAdvances in pest control research vol 4 / _cEdited by R. L. Metcalf |
| 260 |
_aNew York : _bInterscience Publishers, _cc1961. |
||
| 300 |
_avii, 347 p. : _c24 cm. _bill. ; |
||
| 440 | _vVol. IV | ||
| 504 | _aIncludes bibliographical references & index. | ||
| 590 | _ajoy | ||
| 650 | 0 | _aPesticides. | |
| 650 | 0 |
_aPests _xControl. |
|
| 650 | 2 |
_aInsecticides _vPeriodicals. |
|
| 650 | 1 | 7 |
_aLandbouw. _2gtt |
| 650 | 1 | 7 |
_aInsectenbestrijding. _2gtt |
| 650 | 6 | _aPesticides. | |
| 650 | 6 | _aAnimaux et plantes nuisibles, Lutte contre les. | |
| 650 | 6 | _aPlant Pathology | |
| 700 | 1 |
_aMetcalf, Robert Lee _d1916- _eed. |
|
| 942 |
_2ddc _cBOOK |
||
| 999 |
_c7017 _d7017 |
||